000 00721nam a2200217Ia 4500
003 GCL
008 140319s9999 xx 000 0 ara d
040 _aGCL /
_cGCL
082 0 4 _a345.07
_bب ر
100 1 _aالبشرى الشوربجى
245 1 0 _aرعاية الاحداث فى الاسلام والقانون المصرى /
_cالبشرى الشوربجى
260 _a[S.N] :
_bمنشاة المعارف الاسلامية ،
_c1985
300 _a830 ص
490 _aالكتب القانونية
_v0
650 0 4 _aالقانون
650 0 4 _aالاحداث
650 0 4 _aقانون العقوبات
650 0 4 _aجناح الاحداث
650 0 4 _aمحاكمة الاحداث
942 _2ddc
_cBK
999 _c32051
_d32051